|
|
|
|
| LEADER |
00000cam a2200000 7i4500 |
| 001 |
0000006525 |
| 005 |
20170327093000.0 |
| 020 |
|
|
|a 047199751X
|
| 050 |
0 |
0 |
|a HG4026
|b .F726
|
| 090 |
0 |
0 |
|a HG4026
|b .F726
|
| 100 |
0 |
|
|a Franks, Julian R. ,
|e author
|
| 245 |
0 |
0 |
|a Modern managerial finance
|c J. R. Franks and J. E. Broyles.
|
| 260 |
2 |
|
|a Chichester, England :
|b John Wiley ,
|c 1979
|
| 300 |
|
|
|a 376 p. ; ;
|c 24 cm.
|
| 500 |
|
|
|a "A Wiley-Interscience publication."
|
| 650 |
|
0 |
|a Corporations
|x Finance
|
| 700 |
0 |
|
|a Broyles, J. E. ,
|e author
|
| 999 |
|
|
|a 1000017995
|b Book
|c OPEN SHELF (30 DAYS)
|e Gong Badak Campus
|